Normal view
MARC view
- Maulana Akbar Shah Khan Najeebabdi
Entry Personal Name
001 - CONTROL NUMBER
- control field: 106246
003 - CONTROL NUMBER IDENTIFIER
- control field: NUST
005 - DATE AND TIME OF LATEST TRANSACTION
- control field: 20221228141604.0
008 - FIXED-LENGTH DATA ELEMENTS
- fixed length control field: 221228|| aca||aabn | a|a d
040 ## - CATALOGING SOURCE
- Original cataloging agency: NUST
- Transcribing agency: NUST
100 ## - HEADING--PERSONAL NAME
- Personal name: Maulana Akbar Shah Khan Najeebabdi
670 ## - SOURCE DATA FOUND
- Source citation: Work cat.: (NUST)197105: Maulana Akbar Shah Khan Najeebabdi,, Hisory of Islam Vol-1, 2001
